Man Utd Players With 100+ Goals - Statistics

General Stats
  • This quiz has been taken 90 times
  • The average score is 11 of 23
Answer Stats
Country Years Goals Player % Correct
England 2004-2017 253 Wayne Rooney
99%
Portugal 2003-20092021-2022 145 Cristiano Ronaldo
95%
Portugal 2020-Present 100 Bruno Fernandes
90%
Wales 1991-2014 168 Ryan Giggs
90%
N. Ireland 1963-1974 179 George Best
84%
England 1994-20112012-2013 155 Paul Scholes
83%
England 1956-1973 249 Bobby Charlton
81%
England 2016-Present (Loan) 138 Marcus Rashford
74%
Netherlands 2001-2006 150 Ruud van Nistelrooy
74%
Scotland 1962-1973 237 Denis Law
60%
Norway 1996-2007 126 Ole Gunnar Solskjaer
58%
England 1995-2002 121 Andrew Cole
56%
Wales 1983-19861988-1995 163 Mark Hughes
41%
Scotland 1987-1998 127 Brian McClair
24%
England 1952-1958 131 Tommy Taylor
18%
England 1952-1962 179 Dennis Viollet
16%
England 1937-1955 211 Jack Rowley
13%
Scotland 1961-1968 145 David Herd
8%
England 1919-1933 168 Joe Spence
8%
England 1906-1919 100 George Wall
5%
Scotland 18931895-1900 100 Joe Cassidy
5%
Scotland 1906-1915 101 Sandy Turnbull
5%
England 1937-1954 148 Stan Pearson
5%
No matching quizzes found
Score Distribution
Percent of People with Each Score
Percentile by Number Answered
Your Score History
You have not taken this quiz